LEADER 00970nam0-22003131i-450- 001 990007400000403321 005 20050715092928.0 010 $a0-521-77264-8 035 $a000740000 035 $aFED01000740000 035 $a(Aleph)000740000FED01 035 $a000740000 100 $a20030318d2002----km-y0itay50------ba 101 0 $aeng 102 $aGB 105 $aabeha---001yy 200 1 $a<>urban development of Rome in the age of Alexander VII$fDorothy Metzger Habel 210 $aCambridge$cCambridge University$d2002 215 $aXXI,424 p., ril.$c223 fig. in b. e n.$d26 cm 610 0 $aURBANISTICA$aRoma$aSec. 17. 676 $a711.40945632$v21$zita 700 1$aMetzger Habel,$bDorothy$0267534 801 0$aIT$bUNINA$gRICA$2UNIMARC 901 $aBK 912 $a990007400000403321 952 $a711.4 MET 1$bBibl. 44753$fFLFBC 959 $aFLFBC 996 $aUrban development of Rome in the age of Alexander VII$9691536 997 $aUNINA LEADER 01853nam2-2200505---450- 001 990000274410203316 005 20100118130654.0 010 $a88-13-22338-2 035 $a0027441 035 $aUSA010027441 035 $a(ALEPH)000027441USA01 035 $a0027441 100 $a20001010d1999----km-y0itay0103----ba 101 $aita 102 $aIT 105 $a||||||||001yy 200 1 $a<> potere estero delle regioni$ericostruzione in chiave comparata di un potere interno alla costituzione italiana$fFrancesco Palermo 210 $aPadova$cCEDAM$d1999 215 $aXIII, 299 p.$d24 cm 225 2 $aIus publicum Europaeum$v2 300 $aIn testa al front. : Europčaische Akademie, Bozen = Accademia europea, Bolzano = Academia europeica, Bulsan 410 0$1001000317739$12001$aIus publicum europaeum 606 0 $aComunitą europea$xPolitica regionale$2BNCF 606 0 $aRegioni$xCompetenze [nelle] relazioni internazionali 676 $a342.45042 700 1$aPALERMO,$bFrancesco$f<1969- >$0177105 801 0$aIT$bsalbc$gISBD 912 $a990000274410203316 951 $aXXIX.2.C. 169 (COLL PBU 2)$b25429 G.$cXXIX.2.C. 169 (COLL PBU)$d00003136 959 $aBK 969 $aGIU 979 $aTAMI$b40$c20001010$lUSA01$h1121 979 $c20001110$lUSA01$h1716 979 $c20020403$lUSA01$h1635 979 $aPATRY$b90$c20040406$lUSA01$h1619 979 $aCHIARA$b90$c20071109$lUSA01$h1208 979 $aCHIARA$b90$c20081112$lUSA01$h1347 979 $aPATRY$b90$c20081121$lUSA01$h1319 979 $aPATRY$b90$c20081121$lUSA01$h1319 979 $aPATRY$b90$c20081121$lUSA01$h1320 979 $aPATRY$b90$c20081121$lUSA01$h1445 979 $aPATRY$b90$c20090610$lUSA01$h1438 979 $aRSIAV5$b90$c20100118$lUSA01$h1306 996 $aPotere estero delle regioni$9689931 997 $aUNISA